[Event "Jena Fair op 8th"]
[Site "Jena"]
[Date "2008.10.15"]
[Round "2"]
[White "Asmykovich, Ihar"]
[Black "Hegner, Uwe"]
[Result "1-0"]
[WhiteElo "1691"]
[BlackElo "1199"]
[PlyCount "83"]
[EventDate "2008.10.15"]
[EventType "swiss"]
[EventRounds "9"]
[EventCountry "GER"]
[SourceTitle "EXT 2009"]
[Source "ChessBase"]
[SourceDate "2008.11.26"]
[SourceVersion "1"]
[SourceVersionDate "2008.11.26"]
[SourceQuality "1"]

1. d4 d5 2. Nf3 Nf6 3. Bg5 e6 4. e3 Be7 5. c4 dxc4 6. Bxc4 a6 7. Nc3 Bd7 8. 0-0 Nc6 9. e4 0-0 10. Bd3 h6 11. Bh4 Ne8 12. Bg3 Rb8 13. Rc1 b5 14. Qc2 Nb4 15. Qd1 Nxd3 16. Qxd3 Rc8 17. Rfd1 Nd6 18. b3 Bc6 19. d5 exd5 20. exd5 Bd7 21. Re1 Re8 22. Nd4 Bf6 23. f3 Nb7 24. Ne4 Bxd4+ 25. Qxd4 Bf5 26. Qa7 Bxe4 27. fxe4 Nd6 28. Bxd6 Qxd6 29. Rc6 Qb4 30. Qe3 Qa5 31. Re2 Re5 32. Qg3 Rce8 33. Rxh6 Rxd5 34. h3 Rde5 35. Rh4 Qb6+ 36. Kh2 c5 37. Rg4 g6 38. Rf4 Rh5 39. Ref2 Qb7 40. Rf6 Qd7 41. Rxg6+ fxg6 42. Qxg6+ 1-0